000
00205 a2200097 4500
020
_a
9781452102030
041
_a
eng
100
_a
Roseanne Greenfield Thog
245
_a
Green is a Chile Pepper
942
_c
BK
999
_c
14465
_d
14465